000 00482nam a2200193Ia 4500
003 GCL
008 140319s9999 xx 000 0 eng d
040 _aGCL /
_cGCL
082 0 4 _a624.1833
_bG C
100 1 _aGANI, M.S.J
245 1 0 _aCEMENT AND CONCRETE /
_cGANI, M.S.J
260 _a[S.N] :
_bCHAPMAN AND HALL ،
_c1997
300 _a212 P
650 0 4 _aCONCRETE
650 0 4 _aENGINEERING MATERIALS
650 0 4 _aCEMENT
650 0 4 _aBUIDLING MATERIALS
942 _2ddc
_cBK
999 _c16204
_d16204